| 000 | 00778nam a22001697a 4500 | ||
|---|---|---|---|
| 005 | 20120627171223.0 | ||
| 020 |
_a8180990141 _c150.00 |
||
| 082 | _aउ | ||
| 100 |
_aफुल्ल, सुशील कुमार _949630 |
||
| 245 |
_aवीर साहबो/ _cसुशील कुमार फुल्ल |
||
| 260 |
_aनई दिल्ली _bझारीसन _c2012 |
||
| 270 |
_aआई-2/16, अंसारी रोड, दरियागंज _bनई दिल्ली _e110002 _k23279853 |
||
| 300 |
_a80 पृ. _c22 सें.मी.(सजिल्द) |
||
| 942 |
_2ddc _cCH _hउ _mफुल्लसु |
||
| 999 |
_c68226 _d68226 |
||